00500nam a2200193 a 4500001001300000003000900013005001700022008004100039020001000080082001500090100001900105245002900124260005200153300000900205500003500214505001500249650002300264700001900287nice12345678IN_TiNIC20260116015118.0050524s1954 lona grp 000 0 eng  ac10000a220.5bSTI aStirling, John aBible Authorized Version aLondonbBritish and Foreign Bible Societyc1954 a255p aincludes index and biblioraphy2 aConclusion aBible-Commentaries1 aStirling, John